Tekst Piosenki: "Bedoes, Lanek - FPS" - Statystyki

Ogólne statystyki
  • Ten quiz został rozwiązany 127 razy
  • Średni wynik to 17 z 46
Statystyki odpowiedzi
Zwrotka Tekst % Poprawnych
3 Żyjemy raz, więc żyjmy, jakby to raz był
56%
23 Żyjemy raz, więc żyjmy, jakby to raz był
56%
41 Żyjemy raz, więc żyjmy, jakby to raz był
56%
2 Może dziś nie zrobię nic głupiego, chociaż nie wiem
55%
22 Może dziś nie zrobię nic głupiego, chociaż nie wiem
55%
40 Może dziś nie zrobię nic głupiego, chociaż nie wiem
55%
35 FPS - Forsa Ponad Szmaty
53%
1 Tonę, tonę, tonę, tonę, tonę w twoim ciele
49%
21 Tonę, tonę, tonę, tonę, tonę, w twoim ciele
49%
5 Tonę, tonę, tonę, tonę, tonę, to przez drip
47%
7 Tonę, tonę, tonę, tonę, tonę, to przez drip
47%
25 Tonę, tonę, tonę, tonę, tonę, to przez drip
47%
27 Tonę, tonę, tonę, tonę, tonę, to przez drip
47%
43 Tonę, tonę, tonę, tonę, tonę, to przez drip
47%
45 Tonę, tonę, tonę, tonę, tonę, to przez drip
47%
4 Wyślij mi lokację, patrzymy w te same gwiazdy
47%
24 Wyślij mi lokację, patrzymy w te same gwiazdy
47%
42 Wyślij mi lokację, patrzymy w te same gwiazdy
47%
6 Tonę, tonę, tonę, tonę, tonę, to przez ciebie
45%
8 Tonę, tonę, tonę, tonę, tonę, to przez ciebie
45%
26 Tonę, tonę, tonę, tonę, tonę, to przez ciebie
45%
28 Tonę, tonę, tonę, tonę, tonę, to przez ciebie
45%
44 Tonę, tonę, tonę, tonę, tonę, to przez ciebie
45%
46 Tonę, tonę, tonę, tonę, tonę, to przez ciebie
45%
9 Pokój pełen pokus, pokój pełen lodu
40%
11 Przepraszam za słowa
38%
29 A, B, C, D, E, F, GT-R (skrrt!) AMG, SMS i BDSM
37%
10 Ona kiedy wchodzi, tworzy pokój pełen wzwodu
36%
37 Tylko robię swoje
36%
30 BRTDZ, BDG (gang!) 2115, SBM
29%
39 Tonę, tonę, tonę, tonę w twoim ciele
29%
13 Klub, patrzy na mnie cały klub
28%
14 Ona pyta, czy ją kocham, mówię jej, że nie
28%
12 Ale kurwa powiedz, jak mam się zachować, kiedy wchodzi taka sucz
27%
36 I nie czytam poradników, jak dziś można być bogatym
27%
32 Ona chce to naprawdę (prawdę)
23%
15 Serce pękło w pół, a więc muszę zabrać (seks)
23%
19 Ona zrobi wszystko dla gangu
21%
16 Serce pękło w pół, a więc muszę zabrać dwie
21%
34 Ona chce tak, jakby szukała taty
19%
20 Chodź zabrać żonę
18%
31 Ona chce to na masce (masce)
17%
18 A gram w tonę
15%
17 Tysiąc złotych zmienię w milion dla gangu
15%
33 Mademoiselle tak, jakby słuchała Blachy (mademoiselle)
14%
38 Nim wyszedłem z bloków, to mój ziom pogonił tonę
9%
Nie znaleziono quizów pasujących do podanych kryteriów
Rozkład punktacji
Procent ludzi z każdym wynikiem
Percentyl według liczby udzielonych odpowiedzi
Twoja historia wyników
Nie rozwiązałeś tego quizu